Ewige Tabelle der Fußball-Regionalliga - Statistiken

Allgemein
  • Dieses Quiz wurde 869 mal gespielt
    216 seit der letzten Aktualisierung
  • Das Durchschnittsergebnis liegt bei 85 aus 408
Antwortstatistiken
Platz Verein % Korrekt
220 FC Bayern München
66%
74 Energie Cottbus
61%
1 Rot-Weiss Essen
61%
149 TSV 1860 München
58%
2 VfB Lübeck
58%
116 1. FC Lokomotive Leipzig
57%
61 FC Schalke 04 II
57%
196 RB Leipzig
57%
10 Stuttgarter Kickers
57%
32 Borussia Dortmund II
56%
42 FC Rot-Weiß Erfurt
56%
401 MSV Duisburg
56%
50 FC Carl Zeiss Jena
55%
4 Kickers Offenbach
55%
8 Rot-Weiß Oberhausen
55%
36 SC Fortuna Köln
55%
168 Hallescher FC
54%
16 Hamburger SV II
54%
14 Holstein Kiel
54%
48 VfB Stuttgart II
54%
22 Werder Bremen II
54%
183 BSG Chemie Leipzig
53%
87 SV Meppen
53%
31 1. FC Köln II
52%
81 1. FC Union Berlin
52%
40 Chemnitzer FC
52%
121 Eintracht Frankfurt II
52%
52 FSV Frankfurt
52%
7 Preußen Münster
52%
3 Wuppertaler SV
51%
65 1. FC Magdeburg
50%
12 Eintracht Trier
50%
28 FC St. Pauli
50%
53 Hannover 96 II
50%
5 KSV Hessen Kassel
50%
70 SC Freiburg II
50%
51 SpVgg Greuther Fürth
50%
64 SSV Jahn Regensburg
50%
38 SSV Ulm 1846
50%
11 Alemannia Aachen
49%
54 BFC Dynamo
49%
21 FC 08 Homburg
49%
236 Hansa Rostock II
49%
20 SV Waldhof Mannheim
49%
34 TuS Koblenz
49%
58 VfR Aalen
49%
144 Würzburger Kickers
49%
47 1. FC Nürnberg II
48%
105 Dynamo Dresden
48%
172 Hertha BSC
48%
106 SpVgg Unterhaching
48%
9 FC Bayern München II
47%
180 Hannover 96
47%
86 SC Tasmania 1900 Berlin
47%
6 1. FC Saarbrücken
46%
33 Borussia Mönchengladbach II
46%
49 Eintracht Braunschweig
46%
71 FC Augsburg
46%
46 Fortuna Düsseldorf
46%
73 KFC Uerdingen 05
46%
96 SC Paderborn 07
46%
63 SpVgg Greuther Fürth II
46%
17 SV Elversberg
46%
19 Tennis Borussia Berlin
46%
150 TSG 1899 Hoffenheim
46%
56 TSG 1899 Hoffenheim II
46%
76 SC Weiche Flensburg 08
45%
72 Fortuna Düsseldorf II
44%
18 VfB Oldenburg
44%
13 VfL Osnabrück
44%
93 Arminia Bielefeld
43%
118 Bayer 04 Leverkusen
43%
251 FC Ingolstadt 04
43%
129 FC Viktoria 1889 Berlin
43%
138 FSV Zwickau
43%
29 Hertha BSC II
43%
135 VfL Bochum
43%
41 VfL Wolfsburg II
43%
269 Türkgücü München
42%
78 VfL Wolfsburg
42%
45 1. FC Kaiserslautern II
41%
60 1. FSV Mainz 05 II
41%
104 Bayer 04 Leverkusen II
41%
101 Bonner SC
41%
258 Borussia Dortmund
41%
97 FC Augsburg II
41%
119 Karlsruher SC
41%
126 Kickers Emden
41%
30 SG Wattenscheid 09
41%
37 SV Babelsberg 03
41%
277 SV Sandhausen
41%
35 Wacker Burghausen
41%
235 Borussia Mönchengladbach
40%
102 FC Erzgebirge Aue
40%
69 FC St. Pauli II
40%
177 Holstein Kiel II
40%
68 Sportfreunde Lotte
40%
44 Sportfreunde Siegen
40%
39 TSV 1860 München II
40%
153 VfL Bochum II
40%
302 1. FC Heidenheim
39%
128 1. FC Nürnberg
39%
186 Eintracht Braunschweig II
39%
88 Rot Weiss Ahlen
39%
338 SC Paderborn 07 II
39%
67 SpVgg Bayreuth
39%
131 Viktoria Aschaffenburg
39%
25 SV Darmstadt 98
38%
82 TSV Havelse
38%
89 1. FSV Mainz 05
37%
299 | 336 FC Gütersloh
37%
23 SC Verl
37%
94 SV Wehen Wiesbaden
37%
80 Borussia Neunkirchen
36%
15 1. FC Schweinfurt 05
35%
265 Greifswalder FC
35%
239 Rot-Weiß Koblenz
35%
246 1. FC Union Berlin II
34%
219 Bremer SV
34%
316 VfL Oldenburg
34%
113 1. FC Phönix Lübeck
32%
320 DSC Arminia Bielefeld II
32%
27 FK Pirmasens
32%
136 SG Sonnenhof Großaspach
32%
26 Wormatia Worms
32%
243 VfB Leipzig
31%
260 FC Gießen
30%
130 FC Ingolstadt 04 II
30%
83 FV Illertissen
30%
347 MSV Duisburg II
30%
92 Schwarz-Weiß Essen
30%
237 TSV Schott Mainz
30%
145 Westfalia Herne
30%
273 1. FC Düren
29%
24 SSV Reutlingen 05
29%
90 ZFC Meuselwitz
29%
169 Bahlinger SC
28%
263 RB Leipzig II
28%
146 VSG Altglienicke
28%
139 Altona 93
27%
77 Berliner AK 07
27%
91 SV Rödinghausen
27%
120 VFC Plauen
27%
43 VfR Mannheim
27%
114 Eintracht Norderstedt
26%
122 FC-Astoria Walldorf
26%
240 FC Bayern Alzenau
26%
108 FC Memmingen
26%
204 1. FC Bocholt
25%
62 Hertha Zehlendorf
25%
111 FC Viktoria Köln
24%
334 KSV Baunatal
24%
162 TSV Schwaben Augsburg
24%
117 FSV Wacker 90 Nordhausen
23%
59 SV Arminia Hannover
23%
188 TSG Balingen
23%
140 VfB Germania Halberstadt
23%
271 Atlas Delmenhorst
22%
214 Energie Cottbus II
22%
213 FC Teutonia 05 Ottensen
22%
184 TSG Neustrelitz
22%
407 Türkspor Dortmund
22%
167 FC 08 Villingen
21%
232 FC Oberneuland
21%
200 FSV 63 Luckenwalde
21%
189 FSV Optik Rathenow
21%
84 SC Wiedenbrück
21%
284 SG Barockstadt Fulda-Lehnerz
21%
85 SV Wilhelmshaven
21%
164 TSV 1860 Rosenheim
21%
99 TSV Buchbach
21%
95 Freiburger FC
20%
175 SSV Jeddeloh
20%
179 SV Lippstadt 08
20%
103 TSV Steinbach Haiger
20%
308 FC Eilenburg
19%
291 FC Remscheid
19%
275 FSV Frankfurt II
19%
109 Karlsruher SC II
19%
55 1. SC Göttingen 05
18%
222 FC Eintracht Bamberg
18%
272 Blau-Weiß Lohne
17%
201 Dresdner SC
17%
75 FC Bayern Hof
17%
127 FC Sachsen Leipzig
17%
192 FSV Union Fürstenwalde
17%
328 HSC Hannover
17%
79 SC Pfullendorf
17%
125 SV Drochtersen/Assel
17%
254 SV Lichtenberg 47
17%
197 TSV Aubstadt
17%
195 VfR Neumünster
17%
234 VfV Hildesheim
17%
245 DJK Vilzing
16%
227 FSV Budissa Bautzen
16%
171 Lüneburger SK
15%
406 SV Eintracht Hohkeppel
15%
176 VfB Eichstätt
15%
210 VfR Garching
15%
274 1. FC Kaan-Marienborn
14%
226 FC Pipinsried
14%
322 Lupo Martini Wolfsburg
14%
228 SC Victoria Hamburg
14%
280 SGV Freiberg
14%
166 SV Heimstetten
14%
229 SV Straelen
14%
408 SV Todesfelde
14%
286 TSV Eintracht Stadtallendorf
14%
141 VfB Auerbach
14%
300 VfB Homberg
14%
345 VfL Halle 1896
14%
250 1. FC Mülheim
13%
297 FC Nöttingen
13%
206 Goslarer SC 08
13%
252 SpVgg Ansbach 09
13%
285 SpVgg Bayern Hof
13%
389 SpVgg Unterhaching II
13%
98 SV Röchling Völklingen
13%
137 SV Saar 05 Saarbrücken
13%
313 TuS Erndtebrück
13%
100 Blau-Weiß 90 Berlin
12%
187 Borussia Fulda
12%
155 ESV Ingolstadt-Ringsee
12%
381 FC Kilia Kiel
12%
282 FC Kray
12%
230 FC Wegberg-Beeck
12%
190 FSV Salmrohr
12%
202 Heider SV
12%
262 SC 07 Idar-Oberstein
12%
133 SC Viktoria Köln
12%
57 Spandauer SV
12%
287 SV Bergisch Gladbach 09
12%
199 TSV 1896 Rain
12%
371 TuS Haltern
12%
384 Westfalia Rhynern
12%
340 FC Ismaning
11%
178 Lok Altmark Stendal
11%
294 1. FC Eschborn
10%
242 Bischofswerdaer FV 08
10%
123 BSV Rehden
10%
157 BV Cloppenburg
10%
373 Eimsbütteler TV
10%
327 Eintracht Bad Kreuznach
10%
390 SC Charlottenburg
10%
382 SC Hessen Dreieich
10%
217 SSVg Velbert
10%
325 SV Eichede
10%
293 FC Schönberg 95
9%
398 Freie Turnerschaft Braunschweig
9%
132 HSV Barmbek-Uhlenhorst
9%
332 Rot-Weiss Frankfurt
9%
341 SpVgg Hankofen-Hailing
9%
266 SV Wehen Wiesbaden II
9%
191 DJK Gütersloh
8%
388 FC Hennef 05
8%
353 Hammer SpVg
8%
329 Rot-Weiß Lüdenscheid
8%
298 SC Eltersdorf
8%
134 SpVgg Erkenschwick
8%
143 SV Schalding-Heining
8%
208 SV Seligenporten
8%
346 Tennis Borussia Berlin II
8%
174 VfR Heilbronn
8%
233 1. FC Germania Egestorf/Langreder
7%
218 1. FC Pforzheim
7%
367 Eutin 08
7%
312 FC Bremerhaven
7%
212 FC Oberlausitz Neugersdorf
7%
241 OSV Hannover
7%
259 SV Lurup
7%
309 SVN Zweibrücken
7%
404 TSV Schilksee
7%
203 1. SC Norderstedt
6%
305 BFC Preussen
6%
238 Eintracht Nordhorn
6%
357 FC Amberg
6%
379 FC Unterföhring
6%
301 FC Wacker München
6%
315 FSV Oggersheim
6%
152 Reinickendorfer Füchse
6%
124 SC Concordia Hamburg
6%
397 SC Spelle-Venhaus
6%
377 SD Croatia Berlin
6%
306 SG Quelle Fürth
6%
304 SG Wattenscheid 09 II
6%
244 SpVgg Neckarelz
6%
290 SpVgg Weiden
6%
363 SV Spielberg
6%
396 Torgelower FC Greif
6%
264 Türkiyemspor Berlin
6%
115 TuS Celle FC
6%
393 TV Herkenrath
6%
331 VfB Hüls
6%
198 VfL Herzlake
6%
295 VfR Bürstadt
6%
344 Teutonia Watzenborn-Steinberg
5%
368 TSG Sprockhövel
5%
193 TSR Olympia Wilhelmshaven
5%
343 VfL Frohnlach
5%
66 Wacker 04 Berlin
5%
359 1. FC Kleve
4%
342 1. Göppinger SV
4%
278 1. SC Feucht
4%
366 BSV Brandenburg
3%
225 Ludwigshafener SC
3%
160 Lüneburger SK Hansa
3%
112 Südwest Ludwigshafen
3%
107 SV Alsenborn
3%
307 SV Atlas Delmenhorst
3%
335 SV Lohhof
3%
314 SV Phönix Ludwigshafen
3%
375 SV Wiesbaden
3%
279 VfB Bottrop
3%
185 VfR Neuss
3%
395 VfR Pforzheim
3%
207 VfV 06 Hildesheim
3%
142 Eintracht Gelsenkirchen
2%
173 Eisenhüttenstädter FC Stahl
2%
310 Germania Teveren
2%
148 Hamborn 07
2%
221 Leu Braunschweig
2%
181 Lüner SV
2%
216 SC Staaken
2%
247 SC Weismain
2%
288 Sportfreunde 05 Saarbrücken
2%
270 TSG Ulm 1846
2%
387 TSV Großbardorf
2%
161 TSV Marl-Hüls
2%
249 TSV Vestenbergsgreuth
2%
394 TuS Hoisdorf
2%
380 VfB Wissen
2%
364 VfL Pinneberg
2%
165 VfR Frankenthal
2%
303 1. FC Eintracht Bamberg
1%
151 1. FC Neukölln
1%
163 ASV Bergedorf 85
1%
182 ASV Landau
1%
339 BFC Viktoria 1889
1%
110 Bremerhaven 93
1%
253 BSC Oppau
1%
317 Duisburger SpV
1%
319 Eisbachtaler Sportfreunde
1%
405 FC Emmendingen
1%
403 FC Ensdorf
1%
205 FV Speyer
1%
378 Germania Wiesbaden
1%
154 Itzehoer SV
1%
352 Neuköllner Sportfreunde
1%
365 Polizei SV Bremen
1%
369 Rasensport Harburg
1%
358 SCB Preußen Köln
1%
261 SC Hauenstein
1%
156 SC Opel Rüsselsheim
1%
215 SC Sperber Hamburg
1%
267 Sportfreunde Ricklingen
1%
337 Spvgg. 03 Neu-Isenburg
1%
399 SpVgg Andernach
1%
350 SSV Hagen
1%
402 SSV Mülheim
1%
276 STV Horst-Emscher
1%
255 SVA Gütersloh
1%
374 SV Edenkoben
1%
385 SV Niederlahnstein
1%
158 SV Weisenau
1%
283 TSC Zweibrücken
1%
170 TSF Ditzingen
1%
376 TSG Backnang 1919
1%
318 TuRa Ludwigshafen
1%
351 TuS Duisburg 48/99
1%
292 VfB Theley
1%
248 VfL 93 Hamburg
1%
383 VfL Klafeld-Geisweid 08
1%
296 VfR Kaiserslautern
1%
333 BBC Südost
0%
147 Berliner SV 1892
0%
223 BFC Alemannia 90
0%
311 BFC Meteor 06
0%
209 BFC Südring
0%
256 BSC Kickers 1900
0%
231 Eintracht Duisburg
0%
321 FSV Velten 90
0%
281 FV Wannsee
0%
370 Germania Metternich
0%
362 Homberger SV
0%
326 Lichterfelde SU
0%
349 OSC Solingen
0%
211 Phönix Bellheim
0%
159 Rapide Wedding
0%
372 Rot-Weiß Neukölln
0%
323 SC Friedrichsthal
0%
361 SC Gatow
0%
224 SC Neukirchen
0%
355 SC Tegel
0%
392 SC Union 06 Berlin
0%
324 SC Westend 1901
0%
257 SG Egelsbach
0%
194 SpVgg 07 Ludwigsburg
0%
354 SpVgg Amicitia Viernheim
0%
330 SpVgg Herten
0%
268 SV Friedrichsort
0%
391 SV Tasmania Berlin
0%
400 Teutonia Landsweiler-Reden
0%
360 TuS Haste 01
0%
289 VfB Hermsdorf
0%
386 VfL Kirchheim/Teck
0%
348 VfL Neckarau
0%
356 VfL Nord Berlin
0%
Keine übereinstimmenden Quizze gefunden
Verteilung der Resultate
Anzahl Personen mit jedem Resultat
Perzentil nach korrekt beantworteten Fragen
Ihre Resultats-Entwicklung
Sie haben dieses Quiz seit der letzten Aktualisierung nicht gespielt